LIBRARY & INFORMATION CENTRE, KCAET, TAVANUR

ONLINE PUBLIC ACCESS CATALOGUE (OPAC)

A Course in Civil Engineering Drawing (Record no. 14381)

MARC details
000 -LEADER
fixed length control field 00303nam a22001337a 4500
020 ## - INTERNATIONAL STANDARD BOOK NUMBER
ISBN 9789350142721
082 ## - DEWEY DECIMAL CLASSIFICATION NUMBER
Classification number 664.21
100 ## - MAIN ENTRY--AUTHOR NAME
Personal name SIK/CO
245 ## - TITLE STATEMENT
Title A Course in Civil Engineering Drawing
250 ## - EDITION STATEMENT
Edition statement 6 th
260 ## - PUBLICATION, DISTRIBUTION, ETC. (IMPRINT)
Place of publication New Delhi
Name of publisher S.K. Kataria & Sons
Year of publication 2012
300 ## - PHYSICAL DESCRIPTION
Number of Pages 554
942 ## - ADDED ENTRY ELEMENTS (KOHA)
Koha item type Books
Holdings
Withdrawn status Lost status Damaged status Collection code Home library Current library Shelving location Date acquired Source of acquisition Cost, normal purchase price Full call number Accession Number Koha item type
        KAUAET KAUAET General Stacks 30/03/2013 Aman Book Stall, Calicut 325.00 664.21 23996 Books
free website counter